Middle Names Of HGSS Quiz Stats

 Plays Quiz not verified by Sporcle

Challenge
Share
Tweet
Embed
Score 0/10 Timer 05:00
0 Plays Today
Hint Answer % Correct
John Richardsonty
100%
Aidan Powelljohn
100%
Chris Leonardjohn
100%
Adam Peacockjesus
83.3%
Joe Carteranthony
83.3%
Lewis Gommeanthony
83.3%
Billy Grey****
83.3%
Tom Martinwilliam
66.7%
Bradley Shawgeorge
66.7%
Fraser Gardenmiles
66.7%

You're not logged in!

Compare scores with friends on all Sporcle quizzes.
OR
Log In

You Might Also Like...

Show Comments

Extras

Created Mar 7, 2017ReportNominate
Tags:middle, Middle Names

Top Quizzes Today


Score Distribution

Your Account Isn't Verified!

In order to create a playlist on Sporcle, you need to verify the email address you used during registration. Go to your Sporcle Settings to finish the process.

Report this User

Report this user for behavior that violates our Community Guidelines.

Details: